000 00804nam a22002657a 4500
003 0
005 20180705160004.0
008 0
010 _aB-132401
020 _c260.00
_a0070588767
035 _aB-132401, B-132402
037 _bCen Lib/Ret
040 _aDPL
_bEN
_c0
082 _a658.409
_bBAC
100 _aBack, Ken
_925178
245 _aAssertiveness at work :
_cby Ken Back [and] Kate Back
_bpractical guide to handling awkward situtaions /
250 _a3rd ed
260 _aNew Delhi
_bTata macgraw hill publishing compnay
_c2004
270 _bNew Delhi
_a7 west patel nagar
_e110008
300 _aviii,207p.
_c20cm(pbk)
650 _aAssertaion
_925179
650 _aBehaviour asprct
_925180
700 _925098
_aBack, Kate
942 _2ddc
_cEN
_h685.409
_mBAC
999 _c129035
_d129035